000 00647nam a2200241 i 4500
001 C2-0316401
003 PPAK
005 20180728112419.0
008 120725s2011 nyua|||| ||||| | eng d
020 _a9789812688590
040 _aPPAK
_beng
_cPPAK
_erda
082 0 4 _a428.2
_223
090 0 0 _a428.2
_bFIV
_dR
245 0 0 _a5 minute english
264 1 _aNew York :
_bAPA Publications ,
_c2011
300 _a128 pages :
_bcolour illustrations ;
_c25 cm
336 _2rdacontent
_atext
337 _2rdamedia
_aunmediated
338 _2rdacarrier
_avolume
500 _a1 Audio CD
650 1 0 _aEnglish language - Usage.
942 _ddc
_cB
999 _c117537
_d117537